00877cam a22002171 4500001001300000003000400013005001700017008004100034010001700075035001900092040005200111042001200163050002000175100004900195245016300244260006900407300008600476490005400562650002600616999001700642gs 08000399 DLC20260227111308.0780418s1908 xx 000 0 eng c ags 08000399  a(OCoLC)3810311 aLibrary, U.S. Geological SurveycOTdOCoLCdDLC apremarc00aQE99b.A3 no. 11 aSellards, E. H.q(Elias Howard),d1875-1961.02aA preliminary report on the underground water supply of central Florida.cBy E. H. Sellards. Prepared in cooperation with the United States Geological survey. aTalahassee, Fla.,bCapital publishing co., state printer,c1908. a2 p. l., [3], [7]-103, [1] p.billus., VI pl. (incl. front., map) diagrs.c23 cm.0 aFlorida. Geological survey, 1907- Bulletinvno. 1 0aGroundwaterzFlorida. c24768d24768